al-Iʻmār al-Hāshimī li-masājid al-Anbiyāʾ wa-al-Ṣaḥābah wa-maqāmātihim wa-li-ahamm al-mawāqiʻ al-Islāmīyah wa-al-tārīkhīyah.

Saved in:
Bibliographic Details
Corporate Author: Jordan. Wizārat al-Awqāf wa-al-Shuʾūn wa-al-Muqaddasāt al- Islāmīyah.
Format: Book
Language:Arabic
Published: [Amman] : Wizārat al-Awqāf wa-al-Shuʾūn wa-al-Muqaddasāt al-Islāmīyah, al-Mamlakah al-Urdunīyah al-Hāshimīyah, [1997]
Subjects:
Tags: Add Tag
No Tags, Be the first to tag this record!
LEADER 00795nam a2200181 a 4500
001 007731938-9
005 20020606104010.5
008 970513s1997 jo ac f000|0 ara d
043 |a a-jo--- 
110 2 |a Jordan.  |b Wizārat al-Awqāf wa-al-Shuʾūn wa-al-Muqaddasāt al- Islāmīyah. 
245 1 3 |a al-Iʻmār al-Hāshimī li-masājid al-Anbiyāʾ wa-al-Ṣaḥābah wa-maqāmātihim wa-li-ahamm al-mawāqiʻ al-Islāmīyah wa-al-tārīkhīyah. 
260 |a [Amman] :  |b Wizārat al-Awqāf wa-al-Shuʾūn wa-al-Muqaddasāt al-Islāmīyah, al-Mamlakah al-Urdunīyah al-Hāshimīyah,  |c [1997] 
300 |a 50 p. :  |b col. ill., ports. ;  |c 24 cm. 
650 0 |a Islamic architecture  |z Jordan  |x Conservation and restoration. 
650 0 |a Mosques  |z Jordan. 
752 |a Jordan  |d Amman. 
988 |a 20020608 
906 |0 MH